Gargantúa y Pantagruel /

Guardado en:
Autor Principal: Rabelais, François.
Otros Autores: Suero, Teresa; trad., Claramundo, José M.; trad.
Formato: Libro
Idioma:Undetermined
Publicado: Buenos Aires : Orbis, 1984.
Edición:1a ed.
Series:Historia Universal de la Literatura ; 66
Materias:
Etiquetas: Agregar Etiqueta
Sin Etiquetas, Sea el primero en etiquetar este registro!
LEADER 00667nam a22002175a 4500
001 CEM.cems024430
008 241217s1984####ag############000#0#und#d
005 20241217172737.0
245 1 0 |a Gargantúa y Pantagruel /  |c François Rabelais. 
250 |a 1a ed. 
260 |a Buenos Aires :  |b Orbis,  |c 1984. 
300 |a 136 p. 
490 1 |a Historia Universal de la Literatura ;  |v 66 
020 |a 9506141517 
100 1 |a Rabelais, François. 
700 1 |a Suero, Teresa; trad. 
700 1 |a Claramundo, José M.; trad. 
653 |a Literatura francesa 
653 |a Literatura fantástica 
653 |a Sátira 
859 |a CEMS  |b BIB. CEMS - 11 de abril  |h 843  |i R112-1  |p 29692.24  |t Ej.1